MARC details
| 000 -LEADER |
| fixed length control field |
02716cam a2200409 a 4500 |
| 001 - CONTROL NUMBER |
| control field |
17685486 |
| 003 - CONTROL NUMBER IDENTIFIER |
| control field |
ARRUPE |
| 005 - DATE AND TIME OF LATEST TRANSACTION |
| control field |
20131011142828.0 |
| 008 - FIXED-LENGTH DATA ELEMENTS--GENERAL INFORMATION |
| fixed length control field |
130404s2013 enka b 000 0 eng d |
| 010 ## - LIBRARY OF CONGRESS CONTROL NUMBER |
| LC control number |
2012474327 |
| 015 ## - NATIONAL BIBLIOGRAPHY NUMBER |
| National bibliography number |
GBB2A7897 |
| Source |
bnb |
| 016 7# - NATIONAL BIBLIOGRAPHIC AGENCY CONTROL NUMBER |
| Record control number |
016196206 |
| Source |
Uk |
| 020 ## - INTERNATIONAL STANDARD BOOK NUMBER |
| International Standard Book Number |
9780745659732 |
| 020 ## - INTERNATIONAL STANDARD BOOK NUMBER |
| International Standard Book Number |
074565973X |
| 035 ## - SYSTEM CONTROL NUMBER |
| System control number |
(OCoLC)ocn818323793 |
| 040 ## - CATALOGING SOURCE |
| Original cataloging agency |
NLE |
| Language of cataloging |
eng |
| Transcribing agency |
NLE |
| Modifying agency |
OCLCO |
| -- |
NDD |
| -- |
CDX |
| -- |
UKMGB |
| -- |
BTCTA |
| -- |
YDXCP |
| -- |
YNK |
| -- |
BWX |
| -- |
ZCU |
| -- |
RCJ |
| -- |
OBE |
| -- |
JQM |
| -- |
DLC |
| 042 ## - AUTHENTICATION CODE |
| Authentication code |
lccopycat |
| 050 00 - LIBRARY OF CONGRESS CALL NUMBER |
| Classification number |
D860 |
| Item number |
.B499 2013 |
| 300 ## - PHYSICAL DESCRIPTION |
| Other physical details |
ill. ; |
| Dimensions |
23 cm. |
| 100 1# - MAIN ENTRY--PERSONAL NAME |
| Personal name |
Berggruen, Nicolas, |
| Dates associated with a name |
1961- |
| 9 (RLIN) |
2489 |
| 245 10 - TITLE STATEMENT |
| Title |
Intelligent governance for the 21st century : |
| Remainder of title |
a middle way between West and East / |
| Statement of responsibility, etc |
Nicolas Berggruen and Nathan Gardels. |
| 246 3# - VARYING FORM OF TITLE |
| Title proper/short title |
Intelligent governance for the twenty-first century |
| 260 ## - PUBLICATION, DISTRIBUTION, ETC. (IMPRINT) |
| Place of publication, distribution, etc |
Cambridge, UK ; |
| -- |
Malden, MA : |
| Name of publisher, distributor, etc |
Polity, |
| Date of publication, distribution, etc |
2013. |
| 300 ## - PHYSICAL DESCRIPTION |
| Extent |
ix, 196 p. : |
| 504 ## - BIBLIOGRAPHY, ETC. NOTE |
| Bibliography, etc |
Includes bibliographical references. |
| 505 00 - FORMATTED CONTENTS NOTE |
| Title |
Globalization 2.0 and the challenges to good governance -- |
| -- |
America's consumer democracy versus China's modern mandarinate -- |
| -- |
Liberal democratic constitutionalism and meritocracy : hybrid possibilities -- |
| -- |
The new challenges for governance : social networks, megacities, and the global scattering of productive capabilities -- |
| -- |
Intelligent governance : tenets and template -- |
| -- |
Rebooting California's dysfunctional democracy -- |
| -- |
The G-20 : global governance from summits to subnational networks -- |
| -- |
Europe : political union and the democratic deficit -- |
| -- |
Survival of the wisest. |
| 520 ## - SUMMARY, ETC. |
| Summary, etc |
For decades, liberal democracy has been extolled as the best system of governance to have emerged out of the long experience of history. Today, such a confident assertion is far from self-evident. Democracy, in crisis across the West, must prove itself. This highly timely volume is both a conceptual and practical guide of impressive scope to the challenges of good governance as the world continues to undergo profound transformation in the coming decades. |
| 650 #0 - SUBJECT ADDED ENTRY--TOPICAL TERM |
| Topical term or geographic name as entry element |
World politics |
| Chronological subdivision |
1989 |
| 9 (RLIN) |
32 |
| 650 #0 - SUBJECT ADDED ENTRY--TOPICAL TERM |
| Topical term or geographic name as entry element |
Social history |
| Chronological subdivision |
1970 |
| 9 (RLIN) |
2490 |
| 650 #0 - SUBJECT ADDED ENTRY--TOPICAL TERM |
| Topical term or geographic name as entry element |
Economic history |
| Chronological subdivision |
1990 |
| 9 (RLIN) |
2491 |
| 700 1# - ADDED ENTRY--PERSONAL NAME |
| Personal name |
Gardels, Nathan. |
| 9 (RLIN) |
2492 |
| 856 42 - ELECTRONIC LOCATION AND ACCESS |
| Materials specified |
Contributor biographical information |
| Uniform Resource Identifier |
<a href="http://www.loc.gov/catdir/enhancements/fy1305/2012474327-b.html">http://www.loc.gov/catdir/enhancements/fy1305/2012474327-b.html</a> |
| 856 42 - ELECTRONIC LOCATION AND ACCESS |
| Materials specified |
Publisher description |
| Uniform Resource Identifier |
<a href="http://www.loc.gov/catdir/enhancements/fy1305/2012474327-d.html">http://www.loc.gov/catdir/enhancements/fy1305/2012474327-d.html</a> |
| 856 41 - ELECTRONIC LOCATION AND ACCESS |
| Materials specified |
Table of contents only |
| Uniform Resource Identifier |
<a href="http://www.loc.gov/catdir/enhancements/fy1305/2012474327-t.html">http://www.loc.gov/catdir/enhancements/fy1305/2012474327-t.html</a> |
| 906 ## - LOCAL DATA ELEMENT F, LDF (RLIN) |
| a |
7 |
| b |
cbc |
| c |
copycat |
| d |
2 |
| e |
ncip |
| f |
20 |
| g |
y-gencatlg |
| 942 ## - ADDED ENTRY ELEMENTS (KOHA) |
| Source of classification or shelving scheme |
Library of Congress Classification |
| Koha item type |
Monograph ( Printed materials) |